000 00932nam a2200229Ii 4500
003 JO-AjNU
008 230605s9999||||xx |||||||||||||| ||und||
017 _a2015/3/1400
020 _a978-9957-608-15-6
040 _aJO-AjNU
_bara
_erda
_cJO-AjNU
041 _aara
050 1 4 _aHD37 2016
100 3 _aالياسري، اكرم محسن، م.مشارك عواد كاضم الخالدي، م.مشارك بشار عباس الحميري,
_eauthor
_958175
245 0 0 _aمستجدات فكرية في عالم ادارة الاعمال: المرونة الاستراتيجية. المقدرات الجوهرية. الاداء المصرفي، ج4
250 _aط1
264 3 1 _aعمان: الدار المنهجية للنشر، 2016
300 _aج4: 239ص
336 _atext
_btxt
_2rdacontent
337 _aunmediated
_bn
_2rdamedia
338 _avolume
_bnc
_2rdacarrier
650 4 _aادارة الاعمال
_958176
999 _aA26111
_c29679
_d29679